| 000 | 00498nam a2200181Ia 4500 | ||
|---|---|---|---|
| 001 | 887 | ||
| 005 | 20260306140551.0 | ||
| 008 | 260306t2009||||xx |||||||||||||| ||spa|| | ||
| 041 | _aESP | ||
| 082 |
_a172 _bB28 |
||
| 100 |
_aBautista, Óscar Diego _eAUT |
||
| 245 | 0 |
_aÉtica para corruptos: _buna forma de prevenir la corrupción en los gobiernos y administraciones públicas |
|
| 260 | _c2009 | ||
| 300 |
_a158 páginas : _c21 cm. |
||
| 650 | _aGEN | ||
| 654 | _aCHU | ||
| 942 |
_cLIB _dJUS _fJUS _2ddc _n |
||
| 999 |
_c887 _d887 |
||